MARC details
| 000 -LEADER |
| fixed length control field |
00657cam a2200217 4500 |
| 001 - CONTROL NUMBER |
| control field |
CD103608 |
| 008 - FIXED-LENGTH DATA ELEMENTS--GENERAL INFORMATION |
| fixed length control field |
000000n 000 0 eng u |
| 035 ## - SYSTEM CONTROL NUMBER |
| System control number |
(Sirsi) u103608 |
| 245 ## - TITLE STATEMENT |
| Title |
PFI Manual |
| 260 ## - PUBLICATION, DISTRIBUTION, ETC. |
| Date of publication, distribution, etc. |
Butterworths |
| 300 ## - PHYSICAL DESCRIPTION |
| Extent |
1 CD-Rom |
| 350 ## - PRICE (NR) (BK AM CF MU VM SE) [OBSOLETE] |
| Price |
Free |
| 500 ## - GENERAL NOTE |
| General note |
Uses Books on Screen software |
| 520 ## - SUMMARY, ETC. |
| Summary, etc. |
CD-Rom version of Butterworths PFI Manual covering law relating to PFI, payment methods, risk analysis, and the structure of PFI deals. |
| 650 ## - SUBJECT ADDED ENTRY--TOPICAL TERM |
| Topical term or geographic name entry element |
CD-ROM |
| 650 ## - SUBJECT ADDED ENTRY--TOPICAL TERM |
| Topical term or geographic name entry element |
PFI |
| 650 ## - SUBJECT ADDED ENTRY--TOPICAL TERM |
| Topical term or geographic name entry element |
PRIVATE FINANCE INITIATIVE |
| 650 ## - SUBJECT ADDED ENTRY--TOPICAL TERM |
| Topical term or geographic name entry element |
LEGISLATION |
| 690 ## - LOCAL SUBJECT ADDED ENTRY--TOPICAL TERM (OCLC, RLIN) |
| Topical term or geographic name as entry element |
MANAGEMENT-BUSINESS MANAGEMENT-FINANCIAL MANAGEMENT |
| 942 ## - ADDED ENTRY ELEMENTS (KOHA) |
| Suppress in OPAC |
0 |